[Event "RUS-Cup06"]
[Site "Nizhnij Novgorod"]
[Date "1998.07.02"]
[Round "4"]
[White "Voitsekhovsky, Stanislav"]
[Black "Yagupov, Igor"]
[Result "1-0"]
[WhiteElo "2540"]
[BlackElo "2450"]
[Annotator "Golod,V"]
[PlyCount "77"]
[EventDate "1998.06.29"]
[EventType "swiss"]
[EventRounds "9"]
[EventCountry "RUS"]
[SourceTitle "EXT 2000"]
[Source "ChessBase"]
[SourceDate "1999.11.16"]
[SourceVersion "1"]
[SourceVersionDate "1999.11.16"]
[SourceQuality "1"]

1. e4 {Rogozenko} c5 2. Nf3 Nc6 3. d4 cxd4 4. Nxd4 Nf6 5. Nc3 e6 6. Nxc6 $5 (6.
Ndb5 {Rogozenko: Here White must be ready to play aganst Sveshnikov variation
after 6. ... d6 7.Bf4 e5 8.Bg5, as well as against 6. ... Bb4 line.}) 6... bxc6
7. e5 Nd5 8. Ne4 {Rogozenko: The only way to fight for an advantage.} (8. Nxd5
{Rogozenko} cxd5 9. Bd3 Ba6 $10) 8... Qc7 (8... Qa5+ {Rogozenko: A relatively
new continuation, trying to avoid the main lines. However, Black faces some
problems here too.} 9. c3 Ba6 10. Be2 Bxe2 11. Qxe2 f5 12. exf6 Nxf6 13. Bf4
Qf5 14. Nd6+ Bxd6 15. Bxd6 Qd5 16. Qe5 Qxe5+ 17. Bxe5 $14 {1-0 Madl,
I-Shumiakina,T/Kischinjow sp 1998 (52)}) (8... f5 {Rogozenko} 9. exf6 Nxf6 10.
Nd6+ Bxd6 11. Qxd6 Qb6 12. Bd3 c5 13. Bf4 $14) 9. f4 Qa5+ (9... f5 $5 10. Ng5 (
10. Nd6+ $6 Bxd6 11. exd6 Qb6 12. Qd2 Nf6 13. Bd3 O-O 14. b3 Qd4 15. c3 Qxd6
16. Bb2 c5 17. O-O-O Bb7 $15 {1-0 Pavlov,M-Nicolaide,V/ROM-ch 1988 (52)}) 10...
Be7 11. c4 Nb6 12. Be3 c5 13. Bd3 Bb7 14. Qe2 g6 15. h4 h6 16. Nf3 O-O-O 17.
O-O-O Rhg8 18. Bd2 Bc6 19. Qe3 Qb7 $13 {Lima,D-Vescovi,G/ch-BRA, Rio de
Janeiro BRA 1998/1/2-1/2 (76)}) (9... Qb6 {Rogozenko} 10. c4 (10. Bd3 Ba6 11.
a3 Be7 $13) 10... Bb4+ 11. Ke2 f5 12. exf6 Nxf6 13. Be3 Qa5 14. Nxf6+ gxf6 15.
Kf2 O-O 16. Bd3 Rf7 17. Qe2 d5 18. Rhf1 Bc5 19. Kg1 Bxe3+ 20. Qxe3 Qb6 21. c5
Qc7 (21... Qxb2 22. Rab1 Qxa2 23. Rf3 $40) 22. b4 $16 {1-0 Rublevsky,
S-Rogozenko,D/URS-chT 1991 (35)}) 10. c3 $5 (10. Bd2 $5 Qb6 11. Bd3 (11. c4 $2
Qd4 $1 12. Qb1 Rb8 13. b3 f5 $1 $17 {Adams,M-Khenkin,I/Chalkidiki/1992/}) 11...
Qxb2 $6 (11... Ba6 $6 12. Bxa6 Qxa6 13. Qe2 Qxe2+ 14. Kxe2 f5 15. Nf2 Rb8 16.
b3 Bb4 17. g3 $14 {1-0 Fedorov,A-Kozlov,V/Voskresensk2 1993 (42)}) (11... Be7
$5 12. c4 $5 (12. Rb1 $6 Ba6 13. Qe2 (13. c4 f5 14. exf6 Nxf6 $13) 13... Bxd3
14. Qxd3 f5 $1 $15 {0-1 Yudasin,L-Kramnik,V/Wijk cm5 1994 (37)}) (12. Qe2 $5 f5
13. exf6 Nxf6 14. O-O-O Nxe4 15. Bxe4 Bf6 16. b3 Ba6 17. Qe1 Qd4 18. c3 $14 {
1/2-1/2 Renet,O-Chevallier,D/FRA-chT 1996 (44)}) 12... Qd4 (12... f5 $5 13. Nf2
Ne3 14. Qf3 Qxb2 15. Ke2 Nc2 16. Bxc2 Qxc2 17. Qb3 Qxb3 18. axb3 $44 {/\Nd3;Be3
}) 13. Qb3 Ba6 $5 (13... f5 14. exf6 Nxf6 $13) 14. O-O-O O-O 15. Bc3 Nxc3 16.
Qxc3 Qxc3+ 17. bxc3 (17. Nxc3 f6 $15) 17... c5 $1 $13 {0-1 Ivanov,A-Benjamin,J/
USA-ch 1994 (31)} (17... f6 $2 18. c5 $1 Bxd3 19. Rxd3 Rad8 20. Rhd1 fxe5 21.
fxe5 Rf5 22. Rxd7 Rxd7 23. Rxd7 Rxe5 24. Rxe7 Rxe4 25. Rc7 $16)) 12. O-O Ba6
13. Bxa6 Qb6+ 14. Kh1 Qxa6 15. f5 exf5 16. Rxf5 Be7 17. Qg4 g6 18. Rff1 h5 19.
Qf3 O-O 20. Bh6 $14 {Smirin,I-Vaisser,A/Munich op9293 1993/1-0 (65)}) (10. Kf2
$5 f5 (10... Qb6+ {Rogozenko} 11. Kf3 c5 12. c4 Nb4 13. Nd6+ Bxd6 14. Qxd6 Nc2
15. Rb1 Bb7+ 16. Kf2 Be4 $13 {1/2-1/2 Wiersma,E-Timoshenko,G/Berliner Sommer
1997 (41)}) 11. Ng5 Qb6+ 12. Kg3 g6 13. h4 h6 14. Nf3 Rg8 15. Bd3 Bc5 16. Qe2
a5 $13 {0-1 Gaponenko,I-Skripchenko,A/WchJW-U18 1993 (35)}) (10. Qd2 $5 Qb6 11.
Bd3 f5 $6 12. exf6 Nxf6 13. Nxf6+ gxf6 14. Qe2 $1 $14 {Dolmatov,S-Chekhov,V/
Moscow,1992,1/2 (49)}) 10... Be7 (10... Ba6 $5 11. Bxa6 Qxa6 12. Qe2 (12. b3
$143 O-O-O 13. c4 Bb4+ 14. Bd2 Ne3 15. Qe2 Nc2+ 16. Kf2 d5 $1 17. exd6 Bxd6 18.
Rad1 Nd4 19. Nxd6+ Rxd6 20. Qe5 Rhd8 21. Ba5 f6 22. Qc5 $4 Rd5 $3 $19 {0-1
Hector,J-Kharlov,A/Haninge 1992 (25)}) 12... Qxe2+ 13. Kxe2 f5 14. Nf2 a5 $5 (
14... Be7 $143 15. Nd3 Kf7 16. Bd2 Rhb8 17. Rhd1 a5 18. a4 Ke8 19. c4 Nc7 20.
Bc3 $14 {1-0 Emms,J-Lawton,G/BCF-ch 1994 (38)}) (14... d6 $143 15. Nd3 dxe5 (
15... c5 $10 {Rogozenko Chandler-Horvath,T/BL.Solingen-Tübingen/1995}) 16. Nxe5
Bd6 17. Rd1 Bxe5 18. fxe5 O-O-O 19. Bg5 Rd7 20. c4 Nb6 21. b3 $14 {1/2-1/2
Ivanov,A-Khenkin,I/World op 1994 (40)}) 15. Nd3 (15. c4 $6 Nb4 16. Be3 Nc2 17.
Rad1 Nxe3 18. Kxe3 Bc5+ 19. Kf3 Bxf2 20. Kxf2 Ke7 21. Rd3 Rhb8 22. b3 a4 23.
Rhd1 Ra7 24. R1d2 axb3 {1/2-1/2 Popovic,P-Lobron,E/EUCup Gr4 1996}) 15... Be7
16. Bd2 Kf7 17. a4 Rhb8 18. c4 Nc7 19. Bc3 Rb7 20. Rhd1 Ke8 21. h3 Na6 22. Bxa5
Nc5 $11 {1/2-1/2 Nijboer,F-Rogozenko,D/EU-chT 1992 (34)}) 11. Bd3 (11. Bd2 $143
Qb6 12. Qb3 f5 13. Nf2 Bc5 14. Nd3 Ne3 15. Nxc5 Qxc5 16. c4 Nxf1 17. Rxf1 Ba6
18. Rc1 Kf7 19. Qa4 Bb7 20. Rc3 Qd4 21. Be3 Qe4 22. Qc2 c5 $1 {+/=/=; 1/2-1/2
Mazi,L-Fercec,N/Open, Bled SLO 1998 (43)}) 11... Ba6 $6 (11... f5 $142 $5 12.
exf6 Nxf6 13. O-O Ba6 14. Nxf6+ Bxf6 15. Be3 (15. Bxa6 $143 Qxa6 16. Be3 Qb7
17. f5 exf5 18. Bc5 O-O-O 19. Bd6 Rhe8 20. Rxf5 Re6 21. Bg3 Rde8 $15 {Landa,
K-Kozlov,V/Kobanya op 1991/1/2-1/2 (52)}) 15... Bxd3 16. Qxd3 Rb8 17. Rfd1 Rb7
18. a4 O-O 19. b4 Qd8 20. Bc5 Be7 21. Be3 Bf6 $11 {1/2-1/2 Tseitlin,M-Priehoda,
V/Budapest FS06 GM 1996 (44)}) (11... Qb6 $6 12. Qe2 (12. c4 $2 f5 13. Ng3 Ne3
14. Qe2 Bb4+ 15. Bd2 Nxg2+ 16. Kf1 Bxd2 17. Qxd2 Nh4 18. Rd1 O-O $17 {Gershon,
A-Krakops,M/WchJM U20 1997/1-0 (49)}) 12... O-O (12... a5 $6 13. a3 g6 14. c4
f5 15. exf6 Nxf6 16. Be3 Qc7 17. Ng5 a4 18. O-O Qa5 19. Kh1 O-O 20. Rf3 Nh5 21.
Nxh7 Kxh7 22. Rh3 Kg7 23. Qg4 Rf5 24. Rxh5 $18 {1-0 Sanz Alonso,F-Rojo Huerta,
G/ESP-chT 1997 (29)}) (12... Bb7 13. c4 f5 14. Nd6+ Bxd6 15. exd6 Nf6 16. Be3
Qb4+ 17. Bd2 Qb6 $10 {Howell-Krasenkov/Hastings/1993}) 13. c4 f5 14. cxd5 fxe4
15. Qxe4 Qb4+ 16. Qxb4 Bxb4+ 17. Ke2 (17. Bd2 {Rogozenko} Bxd2+ 18. Kxd2 cxd5
$10 {1/2-1/2 Van der Wiel,J-Romero Holmes,A/Wijk op 1995 (33)}) 17... exd5 $10
{De La Riva,O-Braga,F/ Zaragoza,1993}) 12. O-O (12. Bxa6 $6 Qxa6 13. Qe2 Qxe2+
14. Kxe2 f5 15. Nf2 a5 16. Bd2 c5 17. c4 Nb4 18. Bc3 Kf7 19. a3 Nc6 20. Rad1
Ra7 21. g4 g6 22. gxf5 gxf5 $11 {0-1 Tomczak,R-Chekhov,V/BL2-N 1996 (34)})
12... Bxd3 $6 $146 (12... f5 $5 13. exf6 Nxf6 14. Nxf6+ Bxf6 15. Bxa6 Qxa6 16.
Be3 Qb5 17. Rf2 a5 18. Bd4 Qf5 19. Bxf6 gxf6 20. c4 Qc5 21. Qd3 O-O-O {1/2-1/2
Reeh,O-Chekhov,V/Hamburg HSK 1996}) 13. Qxd3 f5 14. Nf2 $14 (14. exf6 $6 Nxf6 (
14... gxf6 $6 15. c4 f5 16. Qd4 $1 $14) 15. Nxf6+ $13 (15. Nd6+ $2 Bxd6 16.
Qxd6 Qb6+ 17. Kh1 Ne4 18. Qd4 $8 Qxd4 19. cxd4 Rb8 $15) (15. Be3 $13 {Rogozenko
})) 14... Qb6 $6 (14... Rb8 $5 15. a3 $140 $6 (15. c4 Nb4 16. Qd2 $14 {/\b3,Bb2
}) 15... Rb3 $1 $13) 15. a3 $6 {[%csl Rb4][%cal Gc3c4,Ya3b4]} (15. c4 $5 Nb4
16. Qe2 $14) 15... c5 $2 (15... Qb3 $1 16. c4 Qxd3 17. Nxd3 Nb6 18. b3 a5 $11)
(15... a5 $5 {Rogozenko}) 16. c4 Nc7 17. Rd1 Rd8 (17... Qc6 $5 {/\a5,a4}) (
17... Qc6 $5 {Rogozenko}) 18. b4 $1 $36 d5 $6 {Rogozenko: With this move Black
only gets new problems. He should take into consideration the very bad
position of the Queen on b6 (the Knight on c7 doesn´t look brilliant either),
which after the opening of the qeenside will become the target of White´s
pieces.} (18... cxb4 $6 19. Be3 Qc6 (19... Bc5 $2 20. Bxc5 Qxc5 21. axb4 Qxb4
22. Rdb1 $1 Qc5 (22... Qe7 23. Rb7 $1 $18) 23. Qd6 $1 Qxd6 $8 24. exd6 Na8 25.
Rxa7 $18 {[%cal Gf2d3,Gd3e5]}) 20. axb4 $36) (18... d6 $5) (18... d6 {
Rogozenko Necessary.} 19. exd6 Rxd6) 19. Be3 {[%csl Rc5]} O-O (19... d4 $6 20.
Bd2 Na6 21. b5 Nc7 22. a4 {+/=/+/-}) (19... dxc4 {Rogozenko} 20. Qxc4 Rxd1+ 21.
Rxd1 Qa6 22. Qxa6 Nxa6 23. bxc5 $1 (23. b5 Nc7 24. Rc1 (24. a4 Nd5 25. Bd2 Kd7
$13) 24... Nd5 25. Bxc5 Nxf4 26. Kf1 $14) 23... Nxc5 24. Rc1 Na4 25. Rc8+ Bd8
26. Bxa7 Kd7 27. Rb8 $16) 20. Rdc1 d4 $2 (20... Na6 $5) 21. Bd2 cxb4 $6 (21...
Na6 22. b5 Nc7 23. a4 {+/=/+/-}) 22. axb4 $140 Bxb4 $2 23. c5 $1 $16 Bxc5 (
23... Qb7 24. Rcb1 Nd5 (24... a5 $2 25. Rxa5 Nd5 26. Rb5 Qxb5 $142 (26... Qc6
$2 27. R1xb4 (27. Bxb4 $4 Ne3 $19) 27... Nxb4 28. Bxb4 $18) 27. Qxb5 Bxd2 28.
Qc6 $1 $16) 25. Qc4 Rb8 (25... Qc6 $143 26. Ra6 Qxc5 27. Rxb4 $1 $18) (25... a5
$143 26. Rxa5 Ne3 27. Qxe6+ Kh8 28. c6 $18) 26. Bxb4 Nxb4 27. c6 $1 $16) 24.
Ba5 $1 Qc6 (24... Qb2 25. Rcb1 {[%csl Rb2]}) 25. Bb4 {[%csl Rc5][%cal Gc1c5,
Gb4c5,Gd3c4]} Rd5 $8 (25... Nd5 $2 26. Rxc5 Qb6 (26... Nxb4 $143 27. Rxc6 Nxd3
28. Nxd3 $18) 27. Rxd5 $1 Qxb4 (27... Rxd5 28. Bxf8 Kxf8 29. Qa3+ $18 {[%csl
Ra7,Rf8]}) 28. Rb5 Qc3 29. Rba5 {[%csl Ra7]} Rf7 30. Qxc3 dxc3 31. Rc5 $18 {
[%csl Rc3]}) 26. Qc4 {[%csl Gb4,Gc1,Gc4,Rc5]} d3 $2 (26... Nb5 $1 {[%cal Gb5c3]
} 27. Nd3 (27. Ra5 $4 d3 $1 $13) 27... Nc3 28. Nxc5 Rc8 29. Rxa7 Qb6 $1 (29...
Rxc5 $2 30. Bxc5 Qxc5 31. Qxe6+ Kh8 32. Kh1 $1 $18) 30. Rca1 Rcxc5 31. Bxc5
Rxc5 32. Rd7 $1 {[%csl Rg8][%cal Ga1a8]} h6 33. Qd3 $16) 27. Bxc5 $18 Rfd8 $6 (
27... d2 $142 28. Rc2 $18 (28. Bxf8 $4 d1=Q+ $1 29. Nxd1 Rxd1+ 30. Kf2 Qxc4 31.
Rxc4 Rxa1 $11)) 28. Bxa7 Qxc4 29. Rxc4 Nb5 30. Bb6 R8d7 31. Rd1 h6 32. Rc5 $1 {
><d3} g5 (32... Rxc5 33. Bxc5 d2 34. Be3 $18) 33. Rxd5 Rxd5 34. Rxd3 Rxd3 35.
Nxd3 Kf7 36. Be3 g4 37. Kf2 Nc3 38. Bd2 Ne4+ 39. Ke3 1-0

[Event "RUS-Cup final"]
[Site "Samara"]
[Date "1998.08.30"]
[Round "2"]
[White "Fedorov, Alexei"]
[Black "Khalifman, Alexander"]
[Result "1/2-1/2"]
[WhiteElo "2600"]
[BlackElo "2645"]
[Annotator "Golod,V"]
[PlyCount "53"]
[EventDate "1998.08.??"]
[EventType "tourn"]
[EventRounds "11"]
[EventCountry "RUS"]
[SourceTitle "CBM 067"]
[Source "ChessBase"]
[SourceDate "1998.11.30"]
[SourceVersion "2"]
[SourceVersionDate "1998.11.01"]
[SourceQuality "1"]

{[%mdl 2088]} 1. e4 c5 2. Nf3 Nc6 3. Nc3 e6 4. d4 cxd4 5. Nxd4 Nf6 6. Nxc6 $5
bxc6 7. e5 Nd5 8. Ne4 Qc7 9. f4 Qa5+ ({Black has few options:} 9... f5 $5) (
9... Qb6 $5 {See comments to Voitsekhovsky-Yagupov,RUS-Cup,N.Novgorod,1998
(cbm66)}) 10. Bd2 $5 (10. c3 $5 {See the game: Voitsekhovsky-Yagupov,1998
(cbm66) 1-0(39),(Golod,V)}) 10... Qb6 11. Bd3 (11. c4 $2 Qd4 $1 (11... Qxb2)
12. Qb1 Rb8 13. b3 f5 $1 $17 {Adams,M-Khenkin,I/Chalkidiki/1992/}) 11... Be7 $5
({Worse is:} 11... Ba6) (11... Qxb2 {(see comments to Voitsekhovsky-Yagupov)})
12. c4 $5 (12. Rb1 $6 Ba6 13. Qe2 (13. c4 f5 14. exf6 Nxf6 $13) 13... Bxd3 14.
Qxd3 f5 $1 $15 {0-1 Yudasin,L-Kramnik,V/Wijk cm5 1994 (37)}) (12. Qe2 $5 f5 13.
exf6 Nxf6 14. O-O-O Nxe4 15. Bxe4 Bf6 16. b3 Ba6 17. Qe1 Qd4 18. c3 $14 {
1/2-1/2 Renet,O-Chevallier,D/FRA-chT 1996 (44)}) 12... Qd4 $5 ({Good enough} 
12... f5) 13. Ke2 $5 $146 (13. Qb3 $143 {because of:} Ba6 $1 (13... f5 $143 14.
exf6 Nxf6 $13) 14. O-O-O O-O 15. Bc3 Nxc3 16. Qxc3 Qxc3+ 17. bxc3 (17. Nxc3 $6
f6 $15) 17... c5 $1 $13 {0-1 Ivanov,A-Benjamin,J/USA-ch 1994 (31)} (17... f6 $2
18. c5 $1 Bxd3 19. Rxd3 Rad8 20. Rhd1 fxe5 21. fxe5 Rf5 22. Rxd7 Rxd7 23. Rxd7
Rxe5 24. Rxe7 Rxe4 25. Rc7 $16)) 13... Ba6 $13 ({Worse is:} 13... Nb4 {in view
of:} 14. Bc3 Qxd3+ 15. Qxd3 Nxd3 16. Kxd3 {and white transfers to better
endgame}) 14. b3 {/\Qg1} (14. Qg1 $2 Qxb2 $1 (14... Qxg1 $2 15. Rhxg1 $14) 15.
cxd5 Bxd3+ 16. Kxd3 Qb5+ $1 {and black has strong initiative} (16... cxd5 $2
17. Nc3 $16) (16... exd5 $2 17. Nc3 $16)) (14. Qa4 $4 Nb4 $1 15. Bxb4 Bxc4 {
[%csl Rd3,Re4][%cal Gd4e4]} 16. Nf2 $8 Bc5 $1 17. Bxc4 (17. Rhf1 Bxd3+ 18. Nxd3
Qe3+ 19. Kd1 Qxd3+ 20. Ke1 Qe4+ $19) 17... Qxf2+ 18. Kd1 (18. Kd3 Qd4+) 18...
Qxb2 $19 {[%csl Ra1,Rb4]}) 14... f5 $142 15. exf6 $8 (15. Nd6+ $2 Bxd6 16. exd6
Nxf4+ 17. Bxf4 Qxf4 $19) 15... gxf6 $1 {[%cal Gf6f5]} (15... Nxf6 $143 16. Bc3
Qb6 {and white is slightly better}) 16. Qg1 Qxg1 17. Raxg1 $5 {(play on the
king side)} Nb6 {/\d5(><c4)} 18. Rc1 {[%csl Gc1,Yc4]} f5 $5 $11 (18... d5 $5
19. cxd5 Bxd3+ 20. Kxd3 cxd5 21. Nc5 {[%csl Re6][%cal Gh1e1]} e5 22. Rhe1 $13)
19. Nf2 h5 {[%csl Rg4][%cal Gh5g4]} 20. Rhg1 {/\g3,h3;g4} c5 $5 {[%cal Ga6b7,
Gb7h1]} 21. g3 O-O-O {[%cal Gd8g8]} 22. h3 Rdg8 23. Be3 (23. g4 hxg4 24. hxg4
fxg4 25. Rxg4 Rxg4 26. Nxg4 $11) 23... Bb7 24. g4 hxg4 (24... fxg4 25. hxg4 h4
$2 (25... hxg4 {See- 24...hxg4}) 26. Nh3 $14) 25. hxg4 fxg4 26. Nxg4 (26. Rxg4
Rxg4 27. Nxg4 Rh3 28. Rg1 Bf3+ 29. Kd2) 26... d6 27. f5 (27. f5 exf5 28. Bxf5+
Kc7 $11) 1/2-1/2

[Event "RUS-chT 07th"]
[Site "Smolensk"]
[Date "2000.04.15"]
[Round "1"]
[White "Frolov, Denis"]
[Black "Filippov, Valerij"]
[Result "1-0"]
[WhiteElo "2428"]
[BlackElo "2584"]
[Annotator "Golod,V"]
[PlyCount "105"]
[EventDate "2000.04.15"]
[EventType "team-tourn"]
[EventRounds "11"]
[EventCountry "RUS"]
[SourceTitle "CBM 077"]
[Source "ChessBase"]
[SourceDate "2000.07.27"]
[SourceVersion "1"]
[SourceVersionDate "2000.07.27"]
[SourceQuality "1"]
[WhiteTeam "Tomsk Politekhnik-Yantar"]
[BlackTeam "Tomsk 400"]
[WhiteTeamCountry "RUS"]
[BlackTeamCountry "RUS"]

1. e4 c5 2. Nf3 e6 3. d4 cxd4 4. Nxd4 Nf6 5. Nc3 Nc6 6. Be3 ({More in
principle:} 6. Nxc6 $5) ({or} 6. Ndb5 $5) 6... Bb4 $5 ({Also possibly:} 6... a6
) ({and} 6... d6) 7. Bd3 d5 8. exd5 {[%mdl 4]} ({Another alternative is:} 8.
Nxc6 $5 {You can see comments to Hector,J-Hansen,S/Skaenninge,1998/CBM 65(1-0)
(Golod,V)(39)}) 8... Nxd5 {This move considerably better,than:} (8... exd5) 9.
Nxc6 bxc6 ({Very weakly:} 9... Bxc3+ 10. bxc3 $140 Nxe3 $2 11. Nxd8 Nxd1 12.
Nxf7 Kxf7 13. Rxd1 $16 {De la Riva,E-Del Corral Abancens,A/San Jose,1998(1-0)
(35)}) ({It deserves attention:} 9... Nxe3 10. Nxd8 (10. fxe3 $143 bxc6 11. O-O
Bxc3 12. bxc3 O-O $11 {Saltaev,M-Bousios,H/Ikaria,1994(1-0)(45)}) 10... Nxd1
11. Rxd1 Kxd8 12. Bxh7+ Ke7 (12... Kc7 $5 $44) 13. Be4 Rh4 14. Rd4 Bxc3+ 15.
bxc3 e5 16. Bxb7 Rxd4 $2 (16... exd4 17. Bxa8 dxc3 $11 {[%csl Ra2,Rc2]}) 17.
Bxa8 Ra4 18. Bd5 Be6 19. Bxe6 Kxe6 20. Kd2 Rxa2 21. Rb1 $14 {Frolov,
D-Bondarenko,V/Smolensk,2000 (1-0)(36)}) 10. Bd2 {It's main line,other options
are:} (10. Qg4) (10. O-O) ({and} 10. Bd4 $6) 10... O-O $5 {Also was checked
repeatedly in the previous games:10...Nxc3!?;10...Bxc3;10...Rb8!?;10...Qa5;10..
.Be7?!;10...Qf6?!} 11. O-O Nxc3 {Practically transfer to 10...Nxc3} 12. bxc3
Bd6 ({Another possibility is:} 12... Be7 $5) 13. Qh5 $5 {Probably,it's best
continuation of the play.} (13. f4 {(is the first game in this variation!!)}
Bc5+ 14. Kh1 g6 15. Rf3 Qf6 $11 {Anderssen,A-Paulsen,L/Leipzig,1877(0-1) (39)})
({Much worse is:} 13. Qf3 Qc7 14. h3 f5 $1 (14... Rb8 $143 15. Rab1 Bd7 16. Qe4
g6 17. Rfe1 c5 $11 {Amonatov,F-Liang,J/Kuala Lumpur,1993 (1/2-1/2)(57)}) (14...
Bb7 $5 15. Qe4 g6 16. Qh4 (16. Rab1 $5) 16... c5 17. c4 Be5 {=/=/+ Venturelli,
R-Mazzini,M/Lunigiana,1998 (0-1)(22)}) 15. Bc4 Kh8 16. Qe2 e5 17. f3 Bb7 18.
Rfd1 Rae8 19. Be3 e4 $15 {0-1 Garkov,M-Chekhov,V/Warsaw 1989/EXT 97 (37)}) ({
and} 13. Qe2 Qc7 14. g3 Bb7 15. c4 c5 16. Rab1 Qc6 17. f3 $11 {Gunnarsson,
A-Kumaran,D/Gausdal,1994 (1/2-1/2)(37)}) 13... f5 ({Slightly worse is:} 13...
g6 14. Qh6 Qf6 15. Be4 (15. Rab1 $5 $14) 15... Ba6 16. Rfd1 Be5 $11 {Shadrina,
T-Mashinskaya,I/Moscow,1996 (1-0)(65)}) 14. Rfd1 $5 $146 {<->d} (14. f4 $143
Kh8 15. Rae1 Qf6 16. Rf3 Bd7 17. Kh1 Rae8 $11 {Mahdi,S-Murshed,N/Thessaloniki,
1984(0-1)(45)}) (14. Rae1 $6 e5 15. Re3 {[%csl Rh7][%cal Ge3h3]} Qe8 16. Qh4
Rf6 17. Rh3 h6 18. f4 e4 $15 {Fischvogt,E-Stein,K/Grand Rapids,1988 (1/2-1/2)
(58)}) 14... Kh8 {Not obligatory,prophylactic move.} ({From my point of view
slightly better is:} 14... Qe8) ({or} 14... Rb8) 15. Bc4 {+/=/= White's plan
is:Be3,Rd3(or Rd2) and Rad1 with pressure on <->d.} Bc5 ({Again can be
recommended:} 15... Qe8) 16. Be3 ({After:} 16. Bf4 $1 Qf6 (16... Qa5 $2 17. Qf3
{[%csl Rc6]} e5 18. Qxc6 (18. Bxe5 $143 Bxf2+ 19. Kxf2 Qxe5 20. Qxc6 Rb8 21.
Qd6 {+/=/+/-}) 18... Rb8 19. Rd5 exf4 20. Qxc5 $18) 17. Rd3 $36 {[%cal Gd3h3,
Ga1e1] white has a strong initiative.}) 16... Qa5 $6 ({In my opinion better is:
} 16... Qe7) 17. Rd3 Bxe3 18. Rxe3 Qc5 ({Loses right away:} 18... e5 $4 {
because of:} 19. Rh3 h6 20. Qg6 {with the idea 21.Rxh6 gxh6 22.Qxh6 mate}) (
18... Rb8 $5 $14) 19. Bb3 {+/=/+/-} Qe7 ({Again impossibly:} 19... e5 {in view
of:} 20. Rh3 h6 21. Qg6 $18 {[%csl Rh8][%cal Gh3h6]}) 20. Rae1 {[%csl Re6] Now
black has a eternal weakness-pawn"e6".} Rf6 21. Re5 $1 {[%csl Re6][%cal Gh5e2]}
({Dubious straight away:} 21. Qe2 {because of:} f4 {[%cal Gf4f3]}) 21... Bd7
22. Qe2 (22. Rxf5 $4 {is refuted by:} g6 $19 {[%csl Rf5,Rh5][%cal Gg6f5,Gg6h5]}
) 22... Re8 {[%csl Gb3,Yd7,Ge1,Ge2,Ge5,Re6,Ye7,Ye8,Yf6]} 23. Qa6 $16 {[%csl
Ra7,Re6] Play on the second weakness!} Ra8 24. Qb7 Qd8 ({Badly:} 24... Qe8 {
in view of:} 25. Bxe6 $1 Bxe6 26. Rxe6 Rxe6 27. Rxe6 Qg8 (27... Qxe6 28. Qxa8+
Qg8 29. Qxa7 $18) 28. h3 {+/-/+-}) 25. Rd1 Rf7 26. h3 {[%csl Yh2][%cal Yg1h2,
Gb3e6] Useful,prophylactic move.} ({Senselessly:} 26. Bxe6 {because of:} Bxe6
$1 (26... Rb8 $143 27. Qa6 Re7 28. f4 Qc7 29. Bxd7 Rxd7 30. Rxd7 Qxd7 31. Qd3
$16) 27. Rxd8+ Rxd8 28. Qb1 Bxa2 $1 $14 {[%csl Rg1] _|_}) 26... Qb8 {[%csl Rb7,
Re5]} ({Differently after:} 26... Qe8 27. Rd6 {it's difficult to give a good
advise for black.}) 27. Qxb8+ $8 Rxb8 28. Bxe6 Bxe6 29. Rxe6 $16 {[%mdl 4096]}
h6 $5 {[%csl Ra2,Rc2,Yh7][%cal Yh8h7,Gb8b2]} ({More passive method of the
defence:} 29... Rc7 30. Rdd6 h6 31. Rxc6 Rxc6 32. Rxc6 Rb2 33. a4 $1 Rxc2 34.
a5 {+/-/+-}) 30. Rxc6 Rb2 31. a4 Rxc2 32. h4 $5 {[%csl Rh8][%cal Gh4h5]} ({
Also good enough:} 32. a5 $5 {/\a6(קa7)}) 32... Kh7 $6 ({More stubborn
resistance after:} 32... Re7 33. h5 (33. a5 Kh7 $5 $16 (33... Ree2 $6 34. Rd7
Rxf2 35. Rg6 Rf4 36. Rgxg7 Rc1+ 37. Kh2 Rxh4+ 38. Kg3 Rg4+ 39. Rxg4 fxg4 40.
Rxa7 Rxc3+ 41. Kxg4 $16) 34. h5 {transfer to 33.h5}) (33. Rd8+ $143 Kh7 34. h5
f4 $1 {[%csl Rh5][%cal Ge7e5,Ge5h5]} 35. Rcc8 g5 36. Rh8+ Kg7 37. Rcg8+ Kf7 38.
Rh7+ Kxg8 39. Rxe7 Rxc3 40. Rxa7 g4 $14 {[%csl Rg1]}) 33... Kh7 (33... Ree2 $2
34. Rd8+ Kh7 35. Rcc8 $18 {[%csl Rh7]}) 34. a5 f4 (34... Ree2 $2 35. Rd7 Rxf2
36. Rg6 $18) 35. a6 $16) 33. Rd3 $1 {[%csl Yf3,Gg3][%cal Yd3f3,Gd3g3]} Re7 34.
Rf3 Re4 35. g3 Re5 ({Also white has a good chance for win after:} 35... Rxa4
36. Rxf5) 36. Rf4 {[%csl Yf4]} a5 ({Can be recommended:} 36... h5) 37. h5 $1 {
[%csl Rh7]} Ra2 38. Rc7 Rd5 ({Leads to easy win for white:} 38... Re4 39. Rxf5
Raxa4 40. Rc8 Re7 $8 41. Rff8 $140 g5 42. Rh8+ Kg7 43. Rcg8+ Kf7 44. Rg6 $18 {
[%csl Rf7,Rh6]}) 39. Kg2 Kg8 40. Kg1 $138 {Sometimes it is desirable to repeat
the moves.} Re5 ({After:} 40... Re2 {[%cal Ge2e4] strongly:} 41. c4 Rde5 $140
42. Rd4 $18) 41. Kg2 Kh7 42. Rc8 {[%csl Gc8,Rh7][%cal Gc8h8]} Rd2 43. Rf8 Rdd5
44. c4 Rc5 45. Rd4 $18 {[%csl Rh7][%cal Gd4d8] The rest is the matter of
technics.} Re7 46. Rdd8 g5 $8 47. Rh8+ Kg7 48. Rdg8+ Kf7 49. Rg6 {[%csl Rh6]}
Rxc4 50. Rhxh6 Rxa4 (50... g4 51. Ra6 $5 Rxa4 $140 $2 52. Rh7+ Ke8 53. Ra8+ Kd7
54. Ra7+ {[%csl Re7]}) 51. Rh7+ Ke8 52. Rxe7+ Kxe7 53. h6 {Whole this game,
despite the black's mistakes,Denis Frolov conducted very strong.} (53. h6 Kf7
54. Rg7+ $1 (54. h7 $143 Kxg6 55. h8=Q) 54... Kf6 (54... Kf8 55. Rxg5 {[%cal
Gh6h7]}) 55. Rg8 $18 {[%cal Gh6h7]}) 1-0